000 002500000a22000970004500
100 1 _aCarter, Mike
245 1 0 _aSocios en la producción de plantas : Rizobia y Micorrizae
300 _aNúm 7 (1991), Páginas 12
773 0 _tPaso a paso
942 _cANA
999 _c52099
_d52099